| 000 | 00862nam a2200265 i 4500 | ||
|---|---|---|---|
| 001 | 13773 | ||
| 003 | ES-MaACL | ||
| 005 | 20250730173451.0 | ||
| 007 | t| | ||
| 008 | 980323s1996 sp |||| | spa j | ||
| 020 | _a84-7100-670-7 | ||
| 080 | _a98(=134.2)"1806/30" | ||
| 080 | _a946.0"18" | ||
| 100 | 1 |
_aRamos, Demetrio. _995248 |
|
| 245 | 1 | 0 |
_aEspaña en la independencia de América / _cDemetrio Ramos. |
| 260 |
_aMadrid : _bMAPFRE, _c[1996] |
||
| 300 |
_a650 p. : _bil. ; _c23 cm. |
||
| 490 | 1 |
_aAmérica 92 ; _v16 |
|
| 504 | _aBibliografía: p. [603]-627. | ||
| 651 | 4 |
_aAmérica española- _xHistoria- _y1806-1830, Guerras de la Independencia- _xCausas y antecedentes. _97727 |
|
| 651 | 7 |
_aEspaña- _xHistoria- _yS.XIX _2 _9142005 |
|
| 830 | 0 | 0 |
_aColección América 92 _v16 _9178984 |
| 852 |
_aES-MaACL _jL-20783 |
||
| 999 |
_c13773 _d13773 |
||